Statistics for Asian Diaspora - Top 10 Countries

Click here to take the quiz!

General Stats

  • This quiz has been taken 18,036 times
  • The average score is 8 of 10

Answer Stats

#%Country% Correct
18 mil5.6United States
100%
4.2 mil6.5United Kingdom
98%
3.6 mil10Canada
96%
3.9 mil4.7Germany
91%
1.9 mil8Australia
90%
2.3 mil1.1Brazil
88%
2.5 mil6Argentina
74%
2.2 mil7Peru
59%
1.7 mil3.4Colombia
56%
1.9 mil6Venezuela
48%

Score Distribution

Percentile by Number Answered

Percent of People with Each Score

Your Score History

You have not taken this quiz